000 00791cam a22002293a 4500
001 18471
003 PGUSA
005 20140828083407.0
008 060529s2006||||xxu|||||s|||||000 | eng d
040 _aPGUSA
_beng
042 _adc
050 4 _aQB
100 1 _aGelpke, August Heinrich Christian,
_d1769-1842
245 1 0 _aUeber die schrecklichen Wirkungen des Aufsturzes eines Kometen auf die Erde :
_bund über die vor fünftausend Jahren gehabte Erscheinung dieser Art
_h[electronic resource] /
_cAugust Heinrich Christian Gelpke
260 _bProject Gutenberg,
_c2006
506 _aPublic domain in the USA.
516 _aElectronic text
653 _aAstronomy -- History
830 0 _aProject Gutenberg
_v18471
856 4 0 _uhttp://www.gutenberg.org/ebooks/18471
942 _cEB
999 _c247726
_d247726